Elenca la formazione - Quiz n°266 - Statistics

Statistiche generali
  • Questo quiz è stato fatto 29 volte
  • Il punteggio medio è 7 su 11
Statistiche sulle risposte
Ruolo Club dell'epoca Calciatore % Corretto
Portiere Inter Júlio César
100%
Difensore Milan Thiago Silva
96%
Difensore Inter Maicon
93%
Difensore Inter Lucio
89%
Ala Milan Robinho
85%
Attaccante Milan Alexandre Pato
81%
Centrocampista Chelsea Ramires
63%
Centrocampista Liverpool Lucas Leiva
33%
Trequartista Santos Ganso
22%
Difensore Fenerbahçe André Santos
11%
Ala Santos Neyamr
0%
Nessun quiz corrispondente trovato
Distribuzione punteggi
Percentuale di utenti per punteggio
Percentile per numero di risposta
I tuoi punteggi nel tempo
Non hai fatto questo quiz